Divestiture in developing countries / (Record no. 542197)
[ view plain ]
| 000 -LEADER | |
|---|---|
| fixed length control field | 00670cam a2200181 a 4500 |
| 020 ## - INTERNATIONAL STANDARD BOOK NUMBER | |
| International Standard Book Number | 082130917X (pbk.) |
| 082 00 - DEWEY DECIMAL CLASSIFICATION NUMBER | |
| Classification number | 338.900917 |
| Author Mark | BER |
| -- | D |
| 100 1# - MAIN ENTRY--PERSONAL NAME | |
| Personal name | Berg, Elliot. |
| 9 (RLIN) | 37291 |
| 245 10 - TITLE STATEMENT | |
| Title | Divestiture in developing countries / |
| Statement of responsibility, etc. | Elliot Berg, Mary M. Shirley. |
| 260 ## - PUBLICATION, DISTRIBUTION, ETC. | |
| Place of publication, distribution, etc. | Washington, D.C. : |
| Name of publisher, distributor, etc. | World Bank, |
| Date of publication, distribution, etc. | 1987. |
| 300 ## - PHYSICAL DESCRIPTION | |
| Extent | vii, 30 p. : |
| Other physical details | 1 ill. ; |
| Dimensions | 28 cm. |
| 526 ## - STUDY PROGRAM INFORMATION NOTE | |
| Program name | 0 |
| Interest level | 0 |
| Reading level | 0 |
| Title point value | 338_900917000000000_BER |
| 650 #0 - SUBJECT ADDED ENTRY--TOPICAL TERM | |
| Topical term or geographic name entry element | Corporate divestiture |
| Geographic subdivision | Developing countries. |
| 9 (RLIN) | 37292 |
| 650 #0 - SUBJECT ADDED ENTRY--TOPICAL TERM | |
| Topical term or geographic name entry element | Government business enterprises |
| Geographic subdivision | Developing countries. |
| 9 (RLIN) | 37293 |
| 650 #0 - SUBJECT ADDED ENTRY--TOPICAL TERM | |
| Topical term or geographic name entry element | Privatization |
| Geographic subdivision | Developing countries. |
| 9 (RLIN) | 37294 |
| 700 1# - ADDED ENTRY--PERSONAL NAME | |
| Personal name | Shirley, Mary M., |
| 9 (RLIN) | 37295 |
| 942 ## - ADDED ENTRY ELEMENTS (KOHA) | |
| Source of classification or shelving scheme | |
| Koha item type | Book |
| Withdrawn status | Lost status | Source of classification or shelving scheme | Damaged status | Not for loan | Permanent Location | Current Location | Date acquired | Total Checkouts | Full call number | Barcode | Date last seen | Copy number | Price effective from | Koha item type |
|---|---|---|---|---|---|---|---|---|---|---|---|---|---|---|
| Military College of Engineering (MCE) | Military College of Engineering (MCE) | 09/26/2013 | 338.900917 BER | MCE-42097 | 09/26/2013 | 1 | 03/14/2021 | Book |
